00698nam 22001933 4500001000700000090001100007100004100018200004400059210003500103215002800138300008200166606002900248675002500277700004200302801001800344830002900362990001100391995010200402202121 a202121 a20231024d u||y0pory50 ba aMudançafVergílio Ferreiraeromance aLisboacPortugália d[19--?] a194 p.cbrochadod20 cm aContém dedicatória e notas do Prof. Dr. Almeida Faria na folha de guarda  aLiteratura Portuguesa96 a821.134.3-3vPTzpor 91045aFerreirabVergíliof1916-1996 aPTbBMMNgRPC cAna FalardofAna Falardo cLIVROS 002052026-05-11931825bBMMNf31545k821.134.3-3 FER|SAFo0rLIVROSuAcesso CondicionadosOferta